Guess The Language #1 - I love you! - Statistics

General Stats
  • This quiz has been taken 466 times
  • The average score is 8 of 15
Answer Stats
Hint Answer % Correct
¡Te quiero! Spanish
98%
Je t'aime! French
96%
I love you! English
94%
Jag älskar dig! Swedish
82%
Te amo! Italian
80%
Ik hou van je! Dutch
79%
Kocham cię Polish
62%
Szeretlek! Hungarian
47%
S'agapó! Greek
41%
Ek's lief vir jou! Afrikaans
33%
Dw I'n dy garu di Welsh
29%
Mein ap say muhabat karta hoon (m) Urdu
18%
Nān unnai kādhalikkiren Tamil
12%
Mo nifẹẹ rẹ! Yoruba
9%
Maite Zaitut! Basque
8%
No matching quizzes found
Score Distribution
Percent of People with Each Score
Percentile by Number Answered
Your Score History
You have not taken this quiz